Normal view
MARC view
Entry Συλλογικό όργανο
001 - ΑΡΙΘΜΟΣ ΕΛΕΓΧΟΥ
- Πεδίο ελέγχου: 10105
005 - ΗΜΕΡΟΜΗΝΙΑ - ΩΡΑ ΤΕΛΕΥΤΑΙΑΣ ΕΝΗΜΕΡΩΣΗΣ
- Πεδίο ελέγχου: 20250912085806.0
008 - ΣΤΟΙΧΕΙΑ ΔΕΔΟΜΕΝΩΝ ΣΤΑΘΕΡΟΥ ΜΗΚΟΥΣ
- Πεδίο ελέγχου σταθερού μήκους: 250912|| aca||aabn | a|a d
040 ## - ΠΗΓΗ ΚΑΤΑΛΟΓΟΓΡΑΦΗΣΗΣ
- Φορέας πρωτότυπης καταλογογράφησης: GR-AtMCL
- Γλώσσα καταλογογράφησης: eng
- Φορέας που τροποποιεί: GR-AtMCL
- Κανόνες περιγραφής: AACR2
110 ## - ΕΠΙΚΕΦΑΛΙΔΑ - ΟΝΟΜΑ ΣΥΛΛΟΓΙΚΟΥ ΟΡΓΑΝΟΥ
- Όνομα συλλογικού οργάνου ή δικαιοδοσίας ως στοιχείο αναγραφής : Victoria and Albert Museum
942 ## - KOHA INTERNAL USE
- Τύπος καθιερωμένου αρχείου: CORPO_NAME